Vertebrate Vocabulary Quiz Stats

 Plays Quiz not verified by Sporcle

Challenge
Share
Tweet
Embed
Score 0/15 Timer 10:00
0 Plays Today
Definition Vocabulary term % Correct
A mammal, such as a koala, kangaroo, or opossum, whose young complete their embryonic development inside a maternal pouch called the marsupium. marsupial
67.7%
A long flexible rod that runs along the dorsal axis of the body in the future position of the vertebral column.notochord
61.5%
Member of the tetrapod class Amphibia, including salamanders, frogs, and caecilians. amphibian
56.9%
A structure in the pregnant uterus for nourishing a viviparous fetus with the mother’s blood supply; formed from the uterine lining and embryonic membranes. placenta
55.4%
Member of the class Mammalia, amniotes with mammary glands that produce milk.mammal
49.2%
Member of the phylum Chordata, animals that at some point during their development have a notochord; a dorsal, hollow nerve cord; pharyngeal slits or clefts; and a muscular, post-achordate
43.1%
Member of an extremely diverse group of ancient reptiles varying in body shape, size, and habitat. dinosaur
40%
Member of the clade of amniotes that includes tuatara, lizards, snakes, turtles, crocodilians, and birdsreptile
40%
Definition Vocabulary term % Correct
A vertebrate with two pairs of limbs, including mammals, amphibians, and birds and other reptiles. tetrapod
40%
An arrangement of the fingers such that the thumb can touch the ventral surface of the fingertips of all four fingers. opposable thumb
33.8%
In aquatic osteichthyans, a protective bony flap that covers and protects the gills. operculum
27.7%
A species on the human branch of the evolutionary tree; a member of the family Hominidae, including Homo sapiens and our ancestors. hominid
21.5%
Member of the group of flightless birds. ratite
15.4%
A chordate with a head. craniate
13.8%
The evolution of different features of an organism at different rates. mosaic evolution
3.1%

You're not logged in!

Compare scores with friends on all Sporcle quizzes.
Join for Free
OR
Log In

You Might Also Like...

Show Comments

Extras

Top Quizzes Today


Score Distribution

Your Account Isn't Verified!

In order to create a playlist on Sporcle, you need to verify the email address you used during registration. Go to your Sporcle Settings to finish the process.

Report this User

Report this user for behavior that violates our Community Guidelines.

Details: